|
|
|
|
| LEADER |
00000nam a2200000Ii 4500 |
| 001 |
DIGSANTU0012 |
| 003 |
NyNyDIG |
| 006 |
m o d |
| 007 |
cr ||||||||||| |
| 008 |
130901s2010 dr o 000 f spa d |
| 020 |
|
|
|z 9789945460704
|
| 020 |
|
|
|z 9945460706
|
| 035 |
|
|
|a (OCoLC)888276456
|
| 040 |
|
|
|a DGITA
|b eng
|e pn
|c DGITA
|
| 050 |
1 |
4 |
|a PQ7409.3.M662 eBook
|
| 100 |
1 |
|
|a Montes de Oca, Favio Ramón,
|d 1949-
|
| 245 |
1 |
0 |
|a Trujillo y los secretos de Comadrona /
|c Favio Ramón Montes de Oca.
|
| 250 |
|
|
|a 1. ed.
|
| 264 |
|
1 |
|a Santo Domingo, D.R.:
|b Editorial Santuario,
|c 2010.
|
| 300 |
|
|
|a 1 online resource (129 pages)
|
| 336 |
|
|
|a text
|b txt
|2 rdacontent
|
| 337 |
|
|
|a computer
|b c
|2 rdamedia
|
| 338 |
|
|
|a online resource
|b cr
|2 rdacarrier
|
| 600 |
1 |
0 |
|a Trujillo Molina, Rafael Leónidas,
|d 1891-1961
|v Fiction.
|
| 651 |
|
0 |
|a Dominican Republic
|x History
|y 1930-1961
|v Fiction.
|
| 650 |
|
0 |
|a Haitians
|z Dominican Republic
|v Fiction.
|
| 655 |
|
0 |
|a Electronic books.
|
| 791 |
2 |
|
|a Digitalia (Firm),
|e distributor.
|
| 793 |
0 |
|
|g Digitalia eBook Collection:
|a Santuario
|
| 856 |
4 |
0 |
|3 Digitalia Hispánica
|u https://www.digitaliapublishing.com/a/8826/
|
| 910 |
|
|
|a Premium Collection: 2007-2012
|